Представление документа в формате MARC21

Поле Инд. ПП Название Значение
Тип записи a
Библиографический уровень m
001 _ Контрольный номер 74597
005 Дата корректировки 20250915104206.2
008 Кодируемые данные 200604s2015 RU y f j 000 1 rus u
020 a ISBN 978-5-9765-1910-7
040 c Служба, преобразующая запись Издательство Лань
041 a Код языка текста rus
044 a Код страны публикации RU
080 a Индекс УДК 159.922.736.3(075.8)
084 2 Источник индекса rubbk
a Индекс другой классификации/Индекс ББК 88.8я73
100 1_ a Автор Гонина О. О.
245 a Заглавие Психология младшего школьного возраста
h Физич. носитель Электронный ресурс
c Ответственность Гонина О. О.
250 a Основные сведения об издании 2-е изд.
260 a Место издания Москва
b Издательство ФЛИНТА
c Дата издания 2015
d Москва
300 a Объем 272 с.
520 a Аннотация В учебном пособии излагаются основные положения одного из разделов возрастной психологии — психологии младшего школьного возраста: закономерности, предпосылки и факторы психического развития младших школьников — особенности различных видов деятельности, познавательных процессов, различных сфер личности и психические новообразования; характеризуются проблемы психологического сопровождения развития младших школьников; приводятся практические задания и психодиагностические методики, которые могут быть использованы для изучения особенностей психического развития ребенка младшего школьного возраста. Пособие соответствует Федеральному государственному образовательному стандарту высшего профессионального образования третьего поколения. Для студентов бакалавриата по направлениям «Психология» и «Психолого-педагогическое образование», может быть полезно и другим специалистам — педагогам, психологам, преподавателям психологии, всем интересующимся вопросами возрастной психологии.
521 a Примеч. о целев. назн. Книга из коллекции ФЛИНТА - Психология. Педагогика
653 a Ключевые слова адаптация к школе
653 a Ключевые слова младший школьный возраст
653 a Ключевые слова психические процессы
653 a Ключевые слова психокоррекционная работа с детьми
653 a Ключевые слова психологическая готовность к школе
653 a Ключевые слова психология детей школьного возраста
653 a Ключевые слова психология младшего школьного возраста
653 a Ключевые слова психология школьного возраста
653 a Ключевые слова развитие личности младшего школьника
653 a Ключевые слова развитие личности школьника
653 a Ключевые слова школьная неуспеваемость
852 x Примечание, не предназначенное для пользователя e.lan2023
856 4_ u URL http://e.lanbook.com/books/element.php?pl1_id=74597
z Примечание для пользователя Участвует в КО
856 41 u URL https://e.lanbook.com/img/cover/book/74597.jpg